00667pab a2200157 454500008004000000100001800040245006500058260000900123300001200132362000800144520028400152650002400436650001500460650001800475773001600493180718b1999 xxu||||| |||| 00| 0 eng d aSawalha, Leah aBarriers of silence: reproductive rights for women in Jordan c1999 ap.41-46 aMar aLeah Sawalha asks about the silence surrounding reproductive rights for women in Jordan. She raises the difficult question about the need for such silence in a patriarchal society, and how to change the social and cultural situation so that women's voices are heard. - Reproduced aJordan - Population aPopulation aWomens rights aDevelopment